Les Frères Scott - Saison 1 - Statistiques

Statistiques générales
  • Ce quiz a été pris 169 fois
  • Le résultat moyen est 14 sur 15
Statistiques - réponses
Question Réponse % Correct
Quelle relation uni Lucas et Nathan ? Ils sont demi-frères
100%
Qui est la meilleure amie de Peyton ? Brooke
99%
Comment s'appelle le café de Karen ? Karen's Café
99%
Dans quelle ville se déroule la série ? Tree Hill
99%
Qui coach l'équipe de basket ? Whitey
97%
Qui est la femme de Dan Scott ? Deborah
96%
A qui Keith fait sa demande en mariage ? Karen
96%
Avec qui sort Brooke dans la saison 1 ? Lucas
96%
Avec qui sort Nathan au début ? Peyton
96%
Qu'est ce que Nathan offre à Haley lors de leur premier cours de soutien ? Un bracelet
96%
Quelle est l'autre passion de Lucas après le basket La lecture
93%
Qui se marie à la fin de la saison ? Haley et Nathan
91%
Avec qui vit Peyton ? Elle vit seule
90%
Qu'arrive-t-il à Dan à la fin de la saison ? Il fait une crise cardiaque
90%
Où Karen est-elle partie pour sa formation ? Florence
66%
Aucun quiz correspondant
Distribution des résultats
% des personnes avec chaque résultat
Percentile par nombre de réponses
Votre historique - résultats
Vous n’avez pas pris ce quiz